Statistics for More Flags by Description

Click here to take the quiz!

General Stats

  • This quiz has been taken 2,811 times
  • The average score is 11 of 15

Answer Stats

HintAnswer% Correct
Tricolour; 3 vertical bands consisting of green on the left, then white, then orange on the right.Ireland
97%
Two blocks of red on either side, with a white centre block, and a red maple leaf in the centre.Canada
88%
A forest green background with a slightly off centre red circle.Bangladesh
87%
The world's only national flag that is non-quadrilateral in shape. Medium red with a blue outline, and white, stylized sun and moon motifs.Nepal
82%
Square shaped, with a red background and white blocky cross in the centre.Switzerland
82%
Red background with a single yellow star in the centre.Vietnam
82%
White background, with an orangy-yellow map of the country (which sort of looks like a unicorn if you look hard enough...), and two green olive branches underneath it.Cyprus
80%
A yellow x going across the flag. The space on the top and bottom parts of the x are filled in green, white the space at the sides of the x are filled in black.Jamaica
79%
Two sky blue bands lying horizontally on the top and bottom, with a white centre. In the centre is a picture of the sun.Argentina
78%
Divided into 2 horizontal blocks, the top block is a medium red and the bottom is white. In the upper left corner is a white crescent moon and 5 white stars.Singapore
71%
Darkish-red background, with a forest green coloured pentagram star in the centre.Morocco
70%
Maroon coloured background with a white stripe lying horizontally in the centre.Latvia
69%
2 vertical blocks of colour, green on the left and white on the right, with a red crescent moon and star in the centre where the colours are joined.Algeria
66%
A field with three blue stripes and two white stripes, and a red equilateral triangle at the hoist (left side) with a white star.Cuba
54%
Wide medium blue vertical band on the right side, with a yellow upside down right triangle. The background is medium blue with seven full white stars and two half stars top and bottom along the hypotenuse of the triangle.Bosnia and Herzegovina
36%

Score Distribution

Percentile by Number Answered

Percent of People with Each Score

Your Score History

You have not taken this quiz